52 Weeks of Sequels Quiz Stats

 Plays Quiz Updated Aug 2, 2018

Challenge
Share
Tweet
Score 0/52 Timer 13:00
1 Play Today
% Correct
Ice Age: The Meltdown
94.6%
Captain America: The Winter Soldier
94.6%
Toy Story 3
94.4%
Star Wars: Episode III - Revenge of the Sith
94%
Dawn of the Planet of the Apes
93.3%
Indiana Jones and the Last Crusade
93%
Rambo
92.8%
The Dark Knight
92.2%
The Lord of the Rings: The Two Towers
91.9%
Dumb and Dumber To
91.2%
Harry Potter and the Prisoner of Azkaban
90.3%
Rocky III
89.5%
The Hunger Games: Catching Fire
89.5%
Taken 2
88.6%
The Matrix Revolutions
87.5%
Spider-Man 2
86.4%
Rio 2
85.5%
Star Trek VI: The Undiscovered Country
83%
A Good Day to Die Hard
82.4%
Goldfinger
82.3%
American Pie 2
82.2%
22 Jump Street
82.2%
Blade II
80.5%
Fast Five
79.5%
Terminator 2: Judgment Day
78.2%
The Bourne Supremacy
76.1%
% Correct
Hannibal
75.3%
The Expendables 2
75.1%
X2
72.7%
300: Rise of an Empire
72.5%
The Godfather: Part III
68.5%
Naked Gun 33⅓: The Final Insult
67.9%
Sherlock Holmes: A Game of Shadows
65.7%
Wall Street: Money Never Sleeps
65.5%
Christmas Vacation
65.1%
Underworld: Evolution
64.4%
Elizabeth: The Golden Age
60.8%
Sin City: A Dame to Kill For
53.9%
Riddick
53.8%
Johnny English Reborn
53.1%
Final Destination 2
46.8%
Highlander II: The Quickening
46.8%
Army of Darkness
45.2%
Once Upon a Time in Mexico
44.8%
Transporter 2
44.5%
Crank: High Voltage
40.8%
Resident Evil: Extinction
40.4%
Before Sunset
35.4%
Be Cool
26.3%
The Woman in Black 2: Angel of Death
22.7%
Saw II
21%
28 Weeks Later
17.9%

You're not logged in!

Compare scores with friends on all Sporcle quizzes.
OR
Log In

You Might Also Like...

Show Comments

Extras

Top Quizzes Today


Score Distribution

Your Account Isn't Verified!

In order to create a playlist on Sporcle, you need to verify the email address you used during registration. Go to your Sporcle Settings to finish the process.

Report this User

Report this user for behavior that violates our Community Guidelines.

Details: